Tücsök

Bibliographic Details
Previous Title:Kis épitő
Format: Journal
Language:Hungarian
PhysicalDescription:zv. 30 cm
Published: Bratislava Madách 1991-
Bratislava Madách-Posonium
Šamorín Spolok Madách - Madách Egyesület
Bratislava
ISSN:1337-9348
Subjects:

MARC

LEADER 00000cas a2200000 a 4500
001 vtls008301019
003 SK-MaSNL
005 20260228155815.0
008 051004c19919999xo zr p 0 0hun
022 |a 1337-9348 
040 |a SVKPO  |b slo  |c SVKPO  |d SVKBB  |d SNK  |e AACR2 
041 0 |a hun 
044 |a xo  |c SK 
072 7 |a 37  |x Výchova a vzdelávanie  |2 konspekt 
072 7 |a 79  |x Rekreácia. Voľný čas. Zábavy. Hry. Šport  |2 konspekt 
072 7 |a 373.2/.3  |x Predškolská a primárna výchova a vzdelávanie  |2 konspekt 
080 |a 79  |2 2011 
080 |a 37.091.212  |2 2011 
080 |a 379.8  |2 2011 
080 |a (051.053.2)  |2 2011 
080 |a 050  |2 2011 
210 0 |a Tücsök  |b (Bratisl.) 
222 0 |a Tücsök  |b (Bratislava) 
245 0 0 |a Tücsök 
260 |a Bratislava  |b Madách  |c 1991- 
260 2 |3 6/1994-2011, 1/2013-6/2014  |a Bratislava  |b Madách-Posonium 
260 2 |3 1/2012-  |a Šamorín  |b Madách-Posonium 
260 3 |3 7/2014-  |a Bratislava  |b Spolok Madách - Madách Egyesület 
300 |a zv.  |c 30 cm 
310 |a 10x ročne  |b 1994- 
321 |a 1x mesačne  |b 1991-1993 
362 0 |a I. évf., 10 [sz.] (1991)- 
500 |a Podnázov v tir.: od č. 10/1991, gyermeklap óvodások és kisiskolások számara ; od č. 1/2008-2009, a kíváncsi gyerekeknek 
500 |a Podnázov: od r. 2000, óvodások és kisiskolások lapja ; od č. 1/2008, a kíváncsi gyerekeknek 
500 |a Redaktori sa menia 
500 |a Registračné č.: EV 130/08 
515 |a Roč. 17 nevyšiel 
650 0 7 |a žiaci  |2 SNKPH  |9 16621 
650 0 7 |a voľný čas  |2 SNKPH  |9 3355 
655 7 |a časopisy pre deti  |2 SNKPH  |9 114921 
780 0 0 |t Kis épitő  |w vtls010299737 
852 |a Štátna vedecká knižnica v Prešove 
852 |a Štátna vedecká knižnica v Banskej Bystrici 
910 |a snk 
910 |a svkpo 
910 |a svkbb 
916 |a 10/1991-10/2013, 1/2013-10/2017, 1/2018-10/2021 
999 |c 649  |d 649 
952 |t č. 1-10  |a SNK  |b SNK  |y PREZ  |7 0  |p 17A1046739  |o snkČSB 762/12/2001-2002 D1  |i snk2014/18780  |8 0  |0 0  |1 0  |4 0  |d 2014-09-16  |l 0  |r 2026-02-21 19:33:24  |w 2026-02-21 
952 |t č. 1-10, neúpl.  |a SNK  |b SNK  |y PREZ  |7 0  |p 17A1046740  |o snkČSB 762/13/2002-2003 D1  |i snk2014/18781  |8 0  |z chýba č. 1-3  |0 0  |1 0  |4 0  |d 2014-09-16  |l 0  |r 2026-02-21 19:33:24  |w 2026-02-21 
952 |t č. 1-10, neúpl.  |a SNK  |b SNK  |y PREZ  |7 0  |p 17A1046741  |o snkČSB 762/14/2003-2004 D1  |i snk2014/18782  |8 0  |z chýba č. 1-2  |0 0  |1 0  |4 0  |d 2014-09-16  |l 0  |r 2026-02-21 19:33:24  |w 2026-02-21 
952 |t č. 1-10  |a SNK  |b SNK  |y PREZ  |7 0  |p 17A1046742  |o snkČSB 762/15/2004-2005 D1  |i snk2014/18784  |8 0  |z od č. 5 označený ako 16.roč  |0 0  |1 0  |4 0  |d 2014-09-16  |l 0  |r 2026-02-21 19:33:25  |w 2026-02-21 
952 |t č. 1-3  |a SNK  |b SNK  |y PREZ  |7 0  |p 17A1046743  |o snkČSB 762/16/2005-2006 D1  |i snk2014/18785  |8 0  |0 0  |1 0  |4 0  |d 2014-09-16  |l 0  |r 2026-02-21 19:33:25  |w 2026-02-21 
952 |t č. 1-10  |a SNK  |b SNK  |y PREZ  |7 0  |p 17A1046744  |o snkČSB 762/18/2007-2008 D1  |i snk2014/18788  |8 0  |0 0  |1 0  |4 0  |d 2014-09-16  |l 0  |r 2026-02-21 19:33:25  |w 2026-02-21 
952 |t č. 1-10  |a SNK  |b SNK  |y PREZ  |7 0  |p 17A1046745  |o snkČSB 762/19/2008-2009 D1  |i snk2014/18789  |8 0  |0 0  |1 0  |4 0  |d 2014-09-16  |l 0  |r 2026-02-21 19:33:25  |w 2026-02-21 
952 |t č. 1-10  |a SNK  |b SNK  |y PREZ  |7 0  |p 17A1046746  |o snkČSB 762/20/2009-2010 D1  |i snk2014/18790  |8 0  |0 0  |1 0  |4 0  |d 2014-09-16  |l 0  |r 2026-02-21 19:33:25  |w 2026-02-21 
952 |t č. 1-10  |a SNK  |b SNK  |y PREZ  |7 0  |p 17A1046747  |o snkČSB 762/21/2010-2011 D1  |i snk2014/18791  |8 0  |0 0  |1 0  |4 0  |d 2014-09-16  |l 0  |r 2026-02-21 19:33:25  |w 2026-02-21 
952 |t č. 1-10  |a SNK  |b SNK  |y PREZ  |7 0  |p 17A1046748  |o snkČSB 762/22/2011-2012 D1  |i snk2014/18792  |8 0  |0 0  |1 0  |4 0  |d 2014-09-16  |l 0  |r 2026-02-21 19:33:25  |w 2026-02-21 
952 |t č. 1-10  |a SNK  |b SNK  |y PREZ  |7 0  |p 17A1046749  |o snkČSB 762/23/2012-2013 D1  |i snk2014/18793  |8 0  |0 0  |1 0  |4 0  |d 2014-09-16  |l 0  |r 2026-02-21 19:33:25  |w 2026-02-21 
952 |t č. 10  |a SNK  |b SNK  |y PREZ  |7 0  |p 17A1046725  |o snkČSB 762/1/1991   |i snk2014/18744  |8 0  |f 1  |0 0  |1 0  |4 0  |d 2014-09-12  |l 0  |r 2026-02-21 19:33:31  |w 2026-02-21 
952 |t č. 1-12  |a SNK  |b SNK  |y PREZ  |7 0  |p 17A0999052  |o snkČSB 762/2/1992   |i snkČSP 2265/93  |f 1  |0 0  |1 0  |4 0  |d 2014-09-12  |l 0  |r 2026-02-21 19:33:31  |w 2026-02-21 
952 |t č. 1-12  |a SNK  |b SNK  |y PREZ  |7 0  |p 17A0999049  |o snkČSB 762/3/1993   |i snkČSP 3142/94  |f 1  |0 0  |1 0  |4 0  |d 2014-09-12  |l 0  |r 2026-02-21 19:33:31  |w 2026-02-21 
952 |t č. 1-6+ príl.  |a SNK  |b SNK  |y PREZ  |7 0  |p 17A0999055  |o snkČSB 762/4/1994   |i snkČSP 2551/99  |z 3 č. prílohy pod názvom Barangoló  |f 1  |0 0  |1 0  |4 0  |d 2014-09-12  |l 0  |r 2026-02-21 19:33:31  |w 2026-02-21 
952 |t č. 1-10  |a SNK  |b SNK  |y PREZ  |7 0  |p 17A1046726  |o snkČSB 762/11/2000-2001  |i snk2014/18759  |8 0  |f 1  |0 0  |1 0  |4 0  |d 2014-09-12  |l 0  |r 2026-02-21 19:33:31  |w 2026-02-21 
952 |t č. 1-10  |a SNK  |b SNK  |y PREZ  |7 0  |p 17A1046727  |o snkČSB 762/12/2001-2002  |i snk2014/18760  |8 0  |f 1  |0 0  |1 0  |4 0  |d 2014-09-12  |l 0  |r 2026-02-21 19:33:31  |w 2026-02-21 
952 |t č. 1-10, neúpl.  |a SNK  |b SNK  |y PREZ  |7 0  |p 17A1046728  |o snkČSB 762/13/2002-2003  |i snk2014/18761  |8 0  |z chýba č. 1-3  |f 1  |0 0  |1 0  |4 0  |d 2014-09-12  |l 0  |r 2026-02-21 19:33:31  |w 2026-02-21 
952 |t č. 1-10  |a SNK  |b SNK  |y PREZ  |7 0  |p 17A1046729  |o snkČSB 762/14/2003-2004  |i snk2014/18764  |8 0  |f 1  |0 0  |1 0  |4 0  |d 2014-09-12  |l 0  |r 2026-02-21 19:33:31  |w 2026-02-21 
952 |t č. 1-10  |a SNK  |b SNK  |y PREZ  |7 0  |p 17A1046730  |o snkČSB 762/15/2004-2005  |i snk2014/18765  |8 0  |z od č. 5 je označený ako roč. 16  |f 1  |0 0  |1 0  |4 0  |d 2014-09-12  |l 0  |r 2026-02-21 19:33:31  |w 2026-02-21 
952 |t č. 1-3  |a SNK  |b SNK  |y PREZ  |7 0  |p 17A1046731  |o snkČSB 762/16/2005-2006  |i snk2014/18766  |8 0  |f 1  |0 0  |1 0  |4 0  |d 2014-09-12  |l 0  |r 2026-02-21 19:33:31  |w 2026-02-21 
952 |t č. 1-10, neúplné  |a SNK  |b SNK  |y PREZ  |7 0  |p 17A1461268  |o snkČSB 762/31/2020-2021 D1  |i snk2021/17183  |8 0  |z Chýba č. 2-10  |0 0  |1 0  |4 0  |d 2021-11-04  |l 0  |r 2026-02-21 19:53:02  |w 2026-02-21 
952 |t č. 1-10  |a SNK  |b SNK  |y PREZ  |7 0  |p 17A1461261  |o snkČSB 762/28/2017-2018  |i snk2021/17173  |8 0  |f 1  |0 0  |1 0  |4 0  |d 2021-11-04  |l 0  |r 2026-02-21 19:59:13  |w 2026-02-21 
952 |t č. 1-10  |a SNK  |b SNK  |y PREZ  |7 0  |p 17A1461262  |o snkČSB 762/29/2018-2019  |i snk2021/17174  |8 0  |f 1  |0 0  |1 0  |4 0  |d 2021-11-04  |l 0  |r 2026-02-21 19:59:13  |w 2026-02-21 
952 |t č. 1-10  |a SNK  |b SNK  |y PREZ  |7 0  |p 17A1461263  |o snkČSB 762/30/2019-2020  |i snk2021/17176  |8 0  |f 1  |0 0  |1 0  |4 0  |d 2021-11-04  |l 0  |r 2026-02-21 19:59:13  |w 2026-02-21 
952 |t č. 1-10  |a SNK  |b SNK  |y PREZ  |7 0  |p 17A1461264  |o snkČSB 762/31/2020-2021  |i snk2021/17177  |8 0  |f 1  |0 0  |1 0  |4 0  |d 2021-11-04  |l 0  |r 2026-02-21 19:59:13  |w 2026-02-21 
952 |t č. 1-10  |a SNK  |b SNK  |y PREZ  |7 0  |p 17A1461265  |o snkČSB 762/28/2017-2018 D1  |i snk2021/17178  |8 0  |0 0  |1 0  |4 0  |d 2021-11-04  |l 0  |r 2026-02-21 19:59:13  |w 2026-02-21 
952 |t č. 1-10  |a SNK  |b SNK  |y PREZ  |7 0  |p 17A1461266  |o snkČSB 762/29/2018-2019 D1  |i snk2021/17180  |8 0  |0 0  |1 0  |4 0  |d 2021-11-04  |l 0  |r 2026-02-21 19:59:14  |w 2026-02-21 
952 |t č. 1-10  |a SNK  |b SNK  |y PREZ  |7 0  |p 17A1461267  |o snkČSB 762/30/2019-2020 D1  |i snk2021/17181  |8 0  |0 0  |1 0  |4 0  |d 2021-11-04  |l 0  |r 2026-02-21 19:59:14  |w 2026-02-21 
952 |t č. 1-10  |a SNK  |b SNK  |c SNK_KF  |y PREZ  |7 4  |p 17A1559059  |o snkČSB 762/33/2022-2023  |i snk2026/2440  |8 0  |0 0  |1 0  |4 0  |d 2026-02-16  |l 0  |r 2026-02-21 20:12:46  |w 2026-02-21 
952 |t č. 1-10  |a SNK  |b SNK  |c SNK_KF  |y PREZ  |7 4  |p 17A1559060  |o snkČSB 762/34/2023-2024  |i snk2026/2444  |8 0  |0 0  |1 0  |4 0  |d 2026-02-16  |l 0  |r 2026-02-21 20:12:46  |w 2026-02-21 
952 |t č. 1-10  |a SNK  |b SNK  |c SNK_KF  |y PREZ  |7 4  |p 17A1559061  |o snkČSB 762/35/2024-2025  |i snk2026/2445  |8 0  |0 0  |1 0  |4 0  |d 2026-02-16  |l 0  |r 2026-02-21 20:12:46  |w 2026-02-21 
952 |t č. 1-12  |a SNK  |b SNK  |y PREZ  |7 0  |p 17A0888988  |o snkČSB 762/2/1992 D1  |i snkČSP 2266/93  |0 0  |1 0  |4 0  |d 2012-07-09  |l 0  |r 2026-02-21 20:30:17  |w 2026-02-21 
952 |t č. 1-12  |a SNK  |b SNK  |y PREZ  |7 0  |p 17A0888987  |o snkČSB 762/3/1993 D1  |i snkČSP 3143/94  |0 0  |1 0  |4 0  |d 2012-07-09  |l 0  |r 2026-02-21 20:30:17  |w 2026-02-21 
952 |t č. 1-10  |a SNK  |b SNK  |y PREZ  |7 0  |p 17A1466084  |o snkČSB 762/32/2021-2022  |i snk2023/5832  |8 0  |0 0  |1 0  |4 0  |d 2023-04-12  |l 0  |r 2026-02-21 21:20:49  |w 2026-02-21 
952 |t č. 1-10  |a SNK  |b SNK  |y PREZ  |7 0  |p 17A1046732  |o snkČSB 762/18/2007-2008  |i snk2014/18773  |8 0  |f 1  |0 0  |1 0  |4 0  |d 2014-09-16  |l 0  |r 2026-02-21 21:44:53  |w 2026-02-21 
952 |t č. 1-10  |a SNK  |b SNK  |y PREZ  |7 0  |p 17A1046733  |o snkČSB 762/19/2008-2009  |i snk2014/18774  |8 0  |f 1  |0 0  |1 0  |4 0  |d 2014-09-16  |l 0  |r 2026-02-21 21:44:53  |w 2026-02-21 
952 |t č. 1-10  |a SNK  |b SNK  |y PREZ  |7 0  |p 17A1046734  |o snkČSB 762/20/2009-2010  |i snk2014/18775  |8 0  |f 1  |0 0  |1 0  |4 0  |d 2014-09-16  |l 0  |r 2026-02-21 21:44:53  |w 2026-02-21 
952 |t č. 1-10  |a SNK  |b SNK  |y PREZ  |7 0  |p 17A1046735  |o snkČSB 762/21/2010-2011  |i snk2014/18776  |8 0  |f 1  |0 0  |1 0  |4 0  |d 2014-09-16  |l 0  |r 2026-02-21 21:44:53  |w 2026-02-21 
952 |t č. 1-10  |a SNK  |b SNK  |y PREZ  |7 0  |p 17A1046736  |o snkČSB 762/22/2011-2012  |i snk2014/18777  |8 0  |f 1  |0 0  |1 0  |4 0  |d 2014-09-16  |l 0  |r 2026-02-21 21:44:53  |w 2026-02-21 
952 |t č. 1-10  |a SNK  |b SNK  |y PREZ  |7 0  |p 17A1046737  |o snkČSB 762/23/2012-2013  |i snk2014/18778  |8 0  |f 1  |0 0  |1 0  |4 0  |d 2014-09-16  |l 0  |r 2026-02-21 21:44:53  |w 2026-02-21 
952 |t č. 1-10  |a SNK  |b SNK  |y PREZ  |7 0  |p 17A0999054  |o snkČSB 762/5/1994-1995   |i snkČSP 2553/99  |f 1  |0 0  |1 0  |4 0  |d 2014-09-16  |l 0  |r 2026-02-21 21:44:53  |w 2026-02-21 
952 |t č. 1-10, neúpl.  |a SNK  |b SNK  |y PREZ  |7 0  |p 17A1046738  |o snkČSB 762/11/2000-2001 D1  |i snk2014/18779  |8 0  |z chýba č. 1-5  |0 0  |1 0  |4 0  |d 2014-09-16  |l 0  |r 2026-02-21 21:44:53  |w 2026-02-21 
952 |t č. 1-10  |a SNK  |b SNK  |y PREZ  |7 0  |p 17A1325072  |o snkČSB 762/25/2014-2015 D1  |i snk2018/11599  |8 0  |0 0  |1 0  |4 0  |d 2018-05-29  |l 0  |r 2026-02-21 21:54:45  |w 2026-02-21 
952 |t č. 1-10  |a SNK  |b SNK  |y PREZ  |7 0  |p 17A1325073  |o snkČSB 762/26/2015-2016  |i snk2018/11600  |8 0  |f 1  |0 0  |1 0  |4 0  |d 2018-05-29  |l 0  |r 2026-02-21 21:54:45  |w 2026-02-21 
952 |t č. 1-10  |a SNK  |b SNK  |y PREZ  |7 0  |p 17A1325069  |o snkČSB 762/24/2013-2014  |i snk2018/11586  |8 0  |f 1  |0 0  |1 0  |4 0  |d 2018-05-29  |l 0  |r 2026-02-21 22:03:17  |w 2026-02-21 
952 |t č. 1-10, neúplné  |a SNK  |b SNK  |y PREZ  |7 0  |p 17A1325070  |o snkČSB 762/24/2013-2014 D1  |i snk2018/11591  |8 0  |z Chýba č. 9  |0 0  |1 0  |4 0  |d 2018-05-29  |l 0  |r 2026-02-21 22:03:17  |w 2026-02-21 
952 |t č. 1-10  |a SNK  |b SNK  |y PREZ  |7 0  |p 17A1325071  |o snkČSB 762/25/2014-2015  |i snk2018/11595  |8 0  |f 1  |0 0  |1 0  |4 0  |d 2018-05-29  |l 0  |r 2026-02-21 22:03:17  |w 2026-02-21 
952 |t č. 1-10  |a SNK  |b SNK  |y PREZ  |7 0  |p 17A1325074  |o snkČSB 762/26/2015-2016 D1  |i snk2018/11601  |8 0  |0 0  |1 0  |4 0  |d 2018-05-29  |l 0  |r 2026-02-21 22:24:31  |w 2026-02-21 
952 |t č. 1-10  |a SNK  |b SNK  |y PREZ  |7 0  |p 17A1325075  |o snkČSB 762/27/2016-2017  |i snk2018/11603  |8 0  |f 1  |0 0  |1 0  |4 0  |d 2018-05-29  |l 0  |r 2026-02-21 22:24:31  |w 2026-02-21 
952 |t č. 1-10  |a SNK  |b SNK  |y PREZ  |7 0  |p 17A1325076  |o snkČSB 762/27/2016-2017 D1  |i snk2018/11605  |8 0  |0 0  |1 0  |4 0  |d 2018-05-29  |l 0  |r 2026-02-21 22:24:31  |w 2026-02-21